01482nam a22003375i 4500001000700000003000700007005001700014008004100031016004400072017005100116020002500167035002100192035001900213040002000232080001100252080002000263100004800283245006400331250002400395260003600419300002000455336002200475337003000497338002400527490002600551500037500577650002300952650004000975830002601015852010301041195858SpMaBN20250912122412.0240726s1981 sp spa 7 abimoBNE19960574365zIND910155372SpMaBN aT 997-1981bOficina Depósito Legal Tarragona a8485060490c600 pts. a(OCoLC)433865293 abimo0002334131 aSpMaBNbspacA2 a612.39 a641.564(083.12)1 aAlfonso, Eduardo,d1896-19910XX825990eaut10aNutrición humana y cocina vegetariana /cEduardo Alfonso. aSéptima edición aBarcelona :bCymys,cD.L. 1981. a157 p. ;c21 cm 2rdacontentatexto 2rdamediaasin mediación 2rdacarrieravolumen1 aColección Psicosoma aAparte de que el régimen vegetariano no solamente rechaza las carnes y pescados, sino el alcohol, el tabaco y las drogas tóxicas o sorpresivas. En los 63 años que llevo de práctica médico-naturista y practicando yo mismo, la alimentación vegetariana, he observado sin tregua los efectos de dicho régimen y puedo asegurar que es la mejor base para la salud. 4aNutrición2embne 4aCocina vegetariana-vRecetas2embne aColección Psicosoma aES-MaACLbR.154339cDEPOJjN-8896hDonación: E. CortijoxEncuadernación: rústica con solapas